Motivation in the classroom
Αποθηκεύτηκε σε:
| Κύριος συγγραφέας: | |
|---|---|
| Μορφή: | Βιβλίο |
| Γλώσσα: | English |
| Δημοσίευση: |
New York :
McGraw-Hill,
1992
|
| Θέματα: | |
| Ετικέτες: |
Προσθήκη ετικέτας
Δεν υπάρχουν, Καταχωρήστε ετικέτα πρώτοι!
|
MARC
| LEADER | 00000nam a2200000 i 4500 | ||
|---|---|---|---|
| 001 | 1/83992 | ||
| 008 | 990621s1992 eng d | ||
| 020 | |a 0-07-059927-0 | ||
| 035 | |l 10051496 | ||
| 040 | |a GR-MY-UA |b gre |e aacr | ||
| 041 | 0 | |a eng | |
| 082 | 0 | |a 371.1024 | |
| 100 | 1 | |a Spaulding, Cheryl Lynn. | |
| 245 | 1 | 0 | |a Motivation in the classroom / |c Cheryl L. Spaulding |
| 260 | |a New York : |b McGraw-Hill, |c 1992 | ||
| 300 | |a 247 p. | ||
| 650 | 0 | 0 | |a Motivation in education. |
| 650 | 0 | 0 | |a Classroom management. |
| 852 | |a INST |b RHODES |e 19990621 |h 371.1024 SPA |p 005400014761 |q 005400014761 |t BK |y 0 | ||
| 901 | |a BIBL4-1999-2 | ||
| 909 | |a Ρ |b 066157 |c 1999 | ||
| 922 | |a 4ΕΛΗ |b 199906 |c ΚΠΣ/154 |d LEADER | ||
| 970 | |a ΚΟΥΛΙΑΚΙΩΤΗ |b ΕΥΑΓΓΕΛΙΑ |z 19990621 | ||